Hindi and Urdu Loan Words - Statistics

General Stats
  • This quiz has been taken 444 times
  • The average score is 10 of 15
Answer Stats
1st Letter Definition Word % Correct
C Fastest land animal Cheetah
98%
S Soap for washing hair Shampoo
96%
P Clothes that are worn to bed Pyjamas
90%
Y Specific bodily postures and stretches widely practiced for health and relaxation Yoga
82%
J Land overgrown with dense forest and tangled vegetation, typically in the tropics Jungle
78%
K The sum of a person's actions in this and past lives, that will decide their fate in a future life Karma
78%
G An influential teacher or popular expert Guru
73%
N A state of perfect happiness; an ideal or idyllic place Nirvana
67%
T A tropical storm in the region of the Indian or western Pacific oceans Typhoon
65%
B Handkerchief, typically having a colorful pattern, worn tied around the head or neck Bandana
62%
P A fruity non-alcoholic party drink Punch
61%
T A violent person, especially a gang member Thug
58%
C A camp bed, particularly a portable, collapsible one Cot
44%
A American epic sci-fi film starring Zoe Saldana, Sigourney Weaver and Sam Worthington Avatar
42%
M An important or powerful person, especially in the motion picture or media industry Mogul
39%
No matching quizzes found
Score Distribution
Percent of People with Each Score
Percentile by Number Answered
Your Score History
You have not taken this quiz